[Event "Monarque noir-Tch"]
[Site "Gatineau CAN"]
[Date "2008.02.19"]
[Round "6"]
[White "Dupont, Claude"]
[Black "Desjardins, Michel"]
[Result "0-1"]
[WhiteElo "1513"]
[BlackElo "1943"]
[PlyCount "74"]
[GameId "2160767910549090"]
[EventDate "2008.01.15"]
[EventType "team-swiss"]
[EventRounds "7"]
[EventCountry "CAN"]
[SourceTitle "EXT 2011"]
[Source "ChessBase"]
[SourceDate "2011.11.26"]
[SourceVersion "1"]
[SourceVersionDate "2011.11.26"]
[SourceQuality "1"]

1. e4 d5 2. exd5 Qxd5 3. Nc3 Qd6 4. g3 Nf6 5. Bg2 Bg4 6. Bf3 Bxf3 7. Nxf3 Nc6 8. d3 e6 9. a3 Be7 10. Bf4 e5 11. Nb5 Qd7 12. Bg5 h6 13. Bxf6 Bxf6 14. Qe2 O-O-O 15. O-O-O Rhe8 16. h4 Be7 17. Qe3 b6 18. Qe4 Kb8 19. Qa4 a5 20. Qe4 f5 21. Qe2 Bf6 22. Nc3 Nd4 23. Qe3 Qc6 24. Nd2 b5 25. Kb1 b4 26. axb4 axb4 27. Nc4 bxc3 28. bxc3 Nb5 29. Qe1 e4 30. d4 Qxc4 31. Kb2 Be7 32. Ra1 Bf6 33. Qe3 Qxc3+ 34. Qxc3 Nxc3 35. Kxc3 Bxd4+ 36. Kc4 Bxa1 37. Rxa1 Rd2 0-1

[Event "Monarque noir-Tch"]
[Site "Gatineau CAN"]
[Date "2008.02.19"]
[Round "6"]
[White "Duret, Serge"]
[Black "Berthiaume, Serge"]
[Result "0-1"]
[WhiteElo "1035"]
[BlackElo "1290"]
[PlyCount "88"]
[GameId "2160767910549091"]
[EventDate "2008.01.15"]
[EventType "team-swiss"]
[EventRounds "7"]
[EventCountry "CAN"]
[SourceTitle "EXT 2011"]
[Source "ChessBase"]
[SourceDate "2011.11.26"]
[SourceVersion "1"]
[SourceVersionDate "2011.11.26"]
[SourceQuality "1"]

1. e4 e5 2. Nf3 Nc6 3. Bb5 Nf6 4. Nc3 Bc5 5. h3 d6 6. d3 O-O 7. Bxc6 bxc6 8. O-O Ne8 9. Bg5 f6 10. Be3 Bxe3 11. fxe3 Ba6 12. Nh4 d5 13. Nf5 Nd6 14. Qg4 Nxf5 15. Rxf5 Bc8 16. Raf1 Bxf5 17. Rxf5 Rf7 18. h4 d4 19. exd4 Qxd4+ 20. Kh2 Rb8 21. Nd1 c5 22. h5 Kh8 23. Qh4 h6 24. g4 c4 25. g5 fxg5 26. Qf2 Qxf2+ 27. Rxf2 Rxf2+ 28. Nxf2 cxd3 29. Nxd3 Re8 30. Kg3 Kg8 31. Kg4 Rf8 32. Nxe5 Rf4+ 33. Kg3 Rxe4 34. Nd3 Kf7 35. b4 Rh4 36. a4 Rxh5 37. Ne5+ Ke6 38. Nc6 Rh4 39. c3 Rc4 40. Nxa7 Rxc3+ 41. Kf2 Rc4 42. a5 Rxb4 43. Nc6 Ra4 44. Ke3 Kd6 0-1

[Event "Monarque noir-Tch"]
[Site "Gatineau CAN"]
[Date "2008.02.19"]
[Round "6"]
[White "Groleau, Gilles"]
[Black "Guimond, Michel"]
[Result "0-1"]
[WhiteElo "1951"]
[BlackElo "1854"]
[PlyCount "106"]
[GameId "2160767910549092"]
[EventDate "2008.01.15"]
[EventType "team-swiss"]
[EventRounds "7"]
[EventCountry "CAN"]
[SourceTitle "EXT 2011"]
[Source "ChessBase"]
[SourceDate "2011.11.26"]
[SourceVersion "1"]
[SourceVersionDate "2011.11.26"]
[SourceQuality "1"]

1. e4 e6 2. d4 d5 3. Nd2 Nf6 4. e5 Nfd7 5. Bd3 c5 6. c3 Nc6 7. Ne2 b6 8. O-O Bb7 9. f4 f5 10. Nf3 h6 11. a3 Qe7 12. b4 c4 13. Bb1 Qf7 14. Ng3 g6 15. a4 O-O-O 16. Qe2 Re8 17. Be3 Be7 18. h4 Reg8 19. Kf2 Kb8 20. Ke1 Nxb4 21. cxb4 Bxb4+ 22. Kd1 Ba6 23. Qb2 Qe7 24. Rh1 Rc8 25. Bc2 c3 26. Qb1 Ba5 27. Bc1 Bb4 28. Ke1 Ka8 29. Kf2 Rc7 30. Be3 Rhc8 31. h5 gxh5 32. Rxh5 Ba5 33. Bc1 Rc4 34. Ba3 Bb4 35. Rxh6 Bxa3 36. Rxa3 Qxa3 37. Rxe6 Rb4 38. Qd1 Rb2 39. Nxf5 Rxc2+ 40. Qxc2 Bd3 41. Qxd3 Qb2+ 42. Nd2 cxd2 43. Qe2 Rc3 44. Re8+ Nb8 45. Ne3 Rxe3 46. Kxe3 Qc3+ 47. Kf2 Qxd4+ 48. Kg3 d1=Q 49. Qxd1 Qxd1 50. f5 Qh5 51. Rf8 Qh6 52. Rf6 Qg5+ 53. Kf2 Nd7 0-1

[Event "Monarque noir-Tch"]
[Site "Gatineau CAN"]
[Date "2008.02.19"]
[Round "6"]
[White "Jani, Louis"]
[Black "Lacourse, Guy"]
[Result "1/2-1/2"]
[WhiteElo "1460"]
[BlackElo "1583"]
[PlyCount "62"]
[GameId "2160767910549093"]
[EventDate "2008.01.15"]
[EventType "team-swiss"]
[EventRounds "7"]
[EventCountry "CAN"]
[SourceTitle "EXT 2011"]
[Source "ChessBase"]
[SourceDate "2011.11.26"]
[SourceVersion "1"]
[SourceVersionDate "2011.11.26"]
[SourceQuality "1"]

1. d4 Nf6 2. c4 e6 3. Nc3 Bb4 4. Bd2 O-O 5. Nf3 b6 6. e3 Bb7 7. Bd3 d5 8. a3 Bxc3 9. Bxc3 Nbd7 10. O-O dxc4 11. Bxc4 Ne4 12. Bd3 Ndf6 13. Ne5 Nxc3 14. bxc3 Nd7 15. f4 Rb8 16. Nf3 c5 17. Bxh7+ Kxh7 18. Ng5+ Kg8 19. Qh5 Nf6 20. Qh4 cxd4 21. cxd4 Qd5 22. e4 Qxd4+ 23. Kh1 Bxe4 24. Rad1 Qa4 25. Rfe1 Rfd8 26. Rxd8+ Rxd8 27. Nxe4 Nxe4 28. Qxd8+ Kh7 29. Qh4+ Kg8 30. Rxe4 Qxe4 31. Qd8+ Kh7 1/2-1/2

[Event "Monarque noir-Tch"]
[Site "Gatineau CAN"]
[Date "2008.02.19"]
[Round "6"]
[White "Labelle, Raymond"]
[Black "MacIsaac, Alexandre"]
[Result "0-1"]
[WhiteElo "1419"]
[BlackElo "1323"]
[PlyCount "46"]
[GameId "2160767910549094"]
[EventDate "2008.01.15"]
[EventType "team-swiss"]
[EventRounds "7"]
[EventCountry "CAN"]
[SourceTitle "EXT 2011"]
[Source "ChessBase"]
[SourceDate "2011.11.26"]
[SourceVersion "1"]
[SourceVersionDate "2011.11.26"]
[SourceQuality "1"]

1. e4 e5 2. Nf3 Nc6 3. Bc4 Bc5 4. Nc3 Nf6 5. h3 d6 6. Na4 Nxe4 7. Nxc5 Nxc5 8. O-O Bf5 9. a3 O-O 10. b4 Ne6 11. c3 a6 12. g3 Bxh3 13. Re1 Bg4 14. Re3 d5 15. Be2 Bxf3 16. Bxf3 e4 17. Bg2 f5 18. Re1 Qf6 19. Bb2 f4 20. Rb1 fxg3 21. fxg3 Qf2+ 22. Kh2 Rf6 23. Kh3 Rh6+ 0-1

[Event "Monarque noir-Tch"]
[Site "Gatineau CAN"]
[Date "2008.02.19"]
[Round "6"]
[White "Laurin, Jacques"]
[Black "Libersan, Mattieu"]
[Result "0-1"]
[WhiteElo "1828"]
[BlackElo "1828"]
[PlyCount "34"]
[GameId "2160767910549095"]
[EventDate "2008.01.15"]
[EventType "team-swiss"]
[EventRounds "7"]
[EventCountry "CAN"]
[SourceTitle "EXT 2011"]
[Source "ChessBase"]
[SourceDate "2011.11.26"]
[SourceVersion "1"]
[SourceVersionDate "2011.11.26"]
[SourceQuality "1"]

1. c4 b6 2. Nc3 Bb7 3. Nf3 Nf6 4. d4 e6 5. Bg5 Be7 6. Qd3 d5 7. Ne5 Nbd7 8. Bf4 O-O 9. cxd5 exd5 10. g3 c5 11. Bg2 Re8 12. Nb5 a6 13. Nxd7 axb5 14. Ne5 c4 15. Qd2 Ne4 16. Bxe4 dxe4 17. Be3 f6 0-1

[Event "Monarque noir-Tch"]
[Site "Gatineau CAN"]
[Date "2008.02.19"]
[Round "6"]
[White "Rainey, Ivan"]
[Black "Kennedy, Phillip"]
[Result "0-1"]
[WhiteElo "1339"]
[BlackElo "1337"]
[PlyCount "46"]
[GameId "2160767910549096"]
[EventDate "2008.01.15"]
[EventType "team-swiss"]
[EventRounds "7"]
[EventCountry "CAN"]

1. e4 c5 2. Nf3 d6 3. d4 cxd4 4. Nxd4 e5 5. Nb3 Nf6 6. Nc3 Be6 7. Be2 Be7 8. O-O Nbd7 9. f3 O-O 10. Be3 b6 11. Qd2 Re8 12. Rad1 a6 13. Bd3 Nc5 14. Nxc5 dxc5 15. Qe2 Qc7 16. Bxa6 c4 17. Bb5 Rec8 18. Qf2 Bc5 19. Bxc5 Qxc5 20. Qxc5 Rxc5 21. Na4 Rxb5 22. Rd6 Nd7 23. Rfd1 Rxa4 0-1

[Event "Monarque noir-Tch"]
[Site "Gatineau CAN"]
[Date "2008.02.26"]
[Round "7"]
[White "Arsenault, Michel"]
[Black "Danilov, Alex"]
[Result "0-1"]
[WhiteElo "2006"]
[BlackElo "1908"]
[PlyCount "94"]
[GameId "2160767910549097"]
[EventDate "2008.01.15"]
[EventType "team-swiss"]
[EventRounds "7"]
[EventCountry "CAN"]
[SourceTitle "EXT 2011"]
[Source "ChessBase"]
[SourceDate "2011.11.26"]
[SourceVersion "1"]
[SourceVersionDate "2011.11.26"]
[SourceQuality "1"]

1. c4 c5 2. g3 e6 3. Nf3 Nf6 4. Bg2 d5 5. O-O Nc6 6. e3 d4 7. exd4 cxd4 8. d3 Bd6 9. Re1 O-O 10. Nbd2 e5 11. Ng5 Bg4 12. Bf3 Bxf3 13. Qxf3 Nb4 14. Re2 Nd7 15. Nb3 Be7 16. Bd2 Nxd3 17. Nxh7 Kxh7 18. Qxd3+ f5 19. Rae1 e4 20. Qxd4 Bf6 21. Qd5 Ne5 22. Kg2 Qxd5 23. cxd5 Rfd8 24. Nc1 Rxd5 25. Bf4 Nf3 26. Rf1 Rad8 27. g4 g6 28. gxf5 gxf5 29. Nb3 Nh4+ 30. Kh1 Rd1 31. Ree1 Rxe1 32. Rxe1 Bxb2 33. Rb1 Bf6 34. Nc5 b6 35. Ne6 Rd3 36. Rc1 Kg6 37. Bb8 Rd2 38. Bxa7 Rxf2 39. Bxb6 Rxa2 40. Be3 Be5 41. Nf4+ Kf7 42. Rb1 Nf3 43. Ng2 Nxh2 44. Rb7+ Ke8 45. Ra7 Rb2 46. Nh4 Nf3 47. Nxf3 exf3 0-1

[Event "Monarque noir-Tch"]
[Site "Gatineau CAN"]
[Date "2008.02.26"]
[Round "7"]
[White "Duret, Serge"]
[Black "Rainey, Ivan"]
[Result "1/2-1/2"]
[WhiteElo "1035"]
[BlackElo "1339"]
[PlyCount "43"]
[GameId "2160767738598424"]
[EventDate "2008.01.15"]
[EventType "team-swiss"]
[EventRounds "7"]
[EventCountry "CAN"]
[SourceTitle "EXT 2011"]
[Source "ChessBase"]
[SourceDate "2011.11.26"]
[SourceVersion "1"]
[SourceVersionDate "2011.11.26"]
[SourceQuality "1"]

1. e4 c6 2. Nf3 d5 3. exd5 cxd5 4. d4 Bf5 5. Bd3 Bxd3 6. Qxd3 e6 7. Ne5 f6 8. Nf3 Bd6 9. Nc3 a6 10. Bd2 Ne7 11. O-O-O O-O 12. Rhe1 Qd7 13. Re3 Bf4 14. Re2 Ng6 15. g3 Bc7 16. Nh4 Nxh4 17. gxh4 Nc6 18. a3 b5 19. b4 Rab8 20. f4 f5 21. h5 Qd6 22. Rg1 {..29} 1/2-1/2

[Event "Monarque noir-Tch"]
[Site "Gatineau CAN"]
[Date "2008.02.26"]
[Round "7"]
[White "Guimond, Michel"]
[Black "Cossette, Daniel"]
[Result "1-0"]
[WhiteElo "1854"]
[BlackElo "2125"]
[PlyCount "107"]
[GameId "2160767910549098"]
[EventDate "2008.01.15"]
[EventType "team-swiss"]
[EventRounds "7"]
[EventCountry "CAN"]
[SourceTitle "EXT 2011"]
[Source "ChessBase"]
[SourceDate "2011.11.26"]
[SourceVersion "1"]
[SourceVersionDate "2011.11.26"]
[SourceQuality "1"]

1. e4 c5 2. Nf3 Nc6 3. d4 cxd4 4. Nxd4 Nf6 5. Nc3 g6 6. Nxc6 dxc6 7. Qxd8+ Kxd8 8. Bg5 Bg7 9. O-O-O+ Ke8 10. f3 Be6 11. Be2 Nd7 12. Bd2 Rd8 13. f4 Nb6 14. b3 Bc8 15. a4 e5 16. a5 Na8 17. g3 exf4 18. gxf4 Ke7 19. Bd3 Nc7 20. e5 Nd5 21. Ne4 f6 22. c4 f5 23. Ng5 Nc7 24. Bb4+ Ke8 25. e6 Bf8 26. Bc3 Ba3+ 27. Kc2 Rg8 28. Nxh7 Be7 29. Nf6+ Bxf6 30. Bxf6 Bxe6 31. Bxd8 Kxd8 32. Bxf5+ Ke7 33. Bxe6 Nxe6 34. Rhe1 Rf8 35. Rd4 Kf6 36. Rd6 Re8 37. Kd3 Re7 38. b4 Kf7 39. Rexe6 Rxe6 40. Rxe6 Kxe6 41. Ke4 Kf6 42. h4 Ke7 43. b5 c5 44. b6 a6 45. Ke3 Kf6 46. Kf2 Ke6 47. Kg3 Kf5 48. Kf3 Ke6 49. Ke4 Kf6 50. Kd5 Kf5 51. Kxc5 Kxf4 52. Kd6 Kg4 53. c5 Kxh4 54. c6 1-0

[Event "Monarque noir-Tch"]
[Site "Gatineau CAN"]
[Date "2008.02.26"]
[Round "7"]
[White "Jiang, Qizhe"]
[Black "Labelle, Raymond"]
[Result "0-1"]
[WhiteElo "935"]
[BlackElo "1419"]
[PlyCount "78"]
[GameId "2160767910549099"]
[EventDate "2008.01.15"]
[EventType "team-swiss"]
[EventRounds "7"]
[EventCountry "CAN"]
[SourceTitle "EXT 2011"]
[Source "ChessBase"]
[SourceDate "2011.11.26"]
[SourceVersion "1"]
[SourceVersionDate "2011.11.26"]
[SourceQuality "1"]

1. e4 e5 2. Nf3 Nc6 3. Nc3 Nf6 4. a3 Be7 5. d3 d6 6. Be3 O-O 7. Qd2 h6 8. g3 Ng4 9. Nd5 Nxe3 10. fxe3 Bg4 11. Bg2 Qd7 12. h3 Be6 13. O-O-O Bd8 14. d4 Ne7 15. Nxe7+ Qxe7 16. dxe5 dxe5 17. Nxe5 c5 18. Nd7 Re8 19. Qd6 Qxd6 20. Rxd6 Be7 21. Rdd1 Red8 22. Ne5 Bd6 23. Nd3 c4 24. Nf4 Bc8 25. Rd5 g5 26. Nh5 Be6 27. Rdd1 Be5 28. h4 Rxd1+ 29. Rxd1 Bg4 30. Rd5 f6 31. Nxf6+ Bxf6 32. e5 Be7 33. Rd4 h5 34. Bxb7 Rb8 35. Bd5+ Kg7 36. Bxc4 Bc5 37. Rd7+ Bxd7 38. e6 Bxe3+ 39. Kd1 Be8 0-1

[Event "Monarque noir-Tch"]
[Site "Gatineau CAN"]
[Date "2008.02.26"]
[Round "7"]
[White "Kennedy, Phillip"]
[Black "Arsenault, Yves"]
[Result "1/2-1/2"]
[WhiteElo "1337"]
[BlackElo "1503"]
[PlyCount "69"]
[GameId "2160767910549100"]
[EventDate "2008.01.15"]
[EventType "team-swiss"]
[EventRounds "7"]
[EventCountry "CAN"]

1. c4 c5 2. g3 Nc6 3. Nc3 Nf6 4. Nf3 d6 5. Bg2 Bf5 6. O-O e5 7. d3 Be7 8. e4 Bd7 9. Bg5 Rc8 10. a3 a6 11. Qd2 h6 12. Bxf6 Bxf6 13. Nd5 Nd4 14. Nxf6+ Qxf6 15. Nxd4 cxd4 16. f4 b5 17. Rac1 bxc4 18. dxc4 O-O 19. f5 Rc6 20. Rf2 Rfc8 21. Bf1 R8c7 22. Bd3 Bc8 23. b4 Bb7 24. a4 Rc8 25. a5 R6c7 26. Qe2 d5 27. c5 dxe4 28. Bxe4 Bxe4 29. Qxe4 Rd8 30. h4 d3 31. Rd2 Rd4 32. Qa8+ Rd8 33. Qf3 Rd4 34. Qa8+ Rd8 35. Qf3 1/2-1/2

[Event "Monarque noir-Tch"]
[Site "Gatineau CAN"]
[Date "2008.02.26"]
[Round "7"]
[White "Lacourse, Guy"]
[Black "Blouin, Francois"]
[Result "1/2-1/2"]
[WhiteElo "1583"]
[BlackElo "1512"]
[PlyCount "85"]
[GameId "2160767910549101"]
[EventDate "2008.01.15"]
[EventType "team-swiss"]
[EventRounds "7"]
[EventCountry "CAN"]
[SourceTitle "EXT 2011"]
[Source "ChessBase"]
[SourceDate "2011.11.26"]
[SourceVersion "1"]
[SourceVersionDate "2011.11.26"]
[SourceQuality "1"]

1. c4 Nf6 2. Nf3 e6 3. g3 b6 4. Bg2 Bb7 5. O-O Be7 6. d3 O-O 7. b3 d6 8. Bb2 Nbd7 9. a3 Rb8 10. Nbd2 c5 11. e4 Qc7 12. h3 h6 13. Ne1 Nh7 14. Ra2 Bf6 15. Bc1 e5 16. Nb1 Bg5 17. Bxg5 Nxg5 18. h4 Ne6 19. Nc2 Nf6 20. Nc3 a6 21. Ne3 Nd4 22. a4 Qe7 23. Kh2 Bc6 24. Ncd5 Bxd5 25. cxd5 g6 26. Bh3 Kg7 27. Kg2 Rh8 28. f3 Nh5 29. Bg4 Nf6 30. Bh3 Nh5 31. Raf2 Rbf8 32. Rh1 Rhg8 33. Bg4 Nf6 34. h5 Nxg4 35. fxg4 Qg5 36. Nc4 Qd8 37. hxg6 fxg6 38. Rhf1 Rxf2+ 39. Rxf2 b5 40. axb5 axb5 41. Nd2 Rf8 42. Nf3 Qf6 43. Rf1 1/2-1/2

[Event "Monarque noir-Tch"]
[Site "Gatineau CAN"]
[Date "2008.02.26"]
[Round "7"]
[White "Levesque, Andre"]
[Black "Berthiaume, Patrick"]
[Result "0-1"]
[WhiteElo "1429"]
[BlackElo "1098"]
[PlyCount "52"]
[GameId "2160767910549102"]
[EventDate "2008.01.15"]
[EventType "team-swiss"]
[EventRounds "7"]
[EventCountry "CAN"]
[SourceTitle "EXT 2011"]
[Source "ChessBase"]
[SourceDate "2011.11.26"]
[SourceVersion "1"]
[SourceVersionDate "2011.11.26"]
[SourceQuality "1"]

1. e4 e5 2. Nc3 Nc6 3. f4 exf4 4. Nf3 g5 5. Bc4 g4 6. Ng1 Qh4+ 7. Kf1 Bc5 8. g3 fxg3 9. Kg2 gxh2 10. Qf1 hxg1=Q+ 11. Qxg1 Qh3+ 12. Rxh3 gxh3+ 13. Kh2 Bxg1+ 14. Kxg1 Nge7 15. Nd5 Nxd5 16. Bxd5 Rg8+ 17. Kh1 Ne7 18. Bc4 c6 19. d4 d5 20. exd5 cxd5 21. Bb3 a5 22. a3 a4 23. Ba2 Ra6 24. Bd2 Rag6 25. Bb4 h2 26. Re1 Rg1+ 0-1

[Event "Monarque noir-Tch"]
[Site "Gatineau CAN"]
[Date "2008.02.26"]
[Round "7"]
[White "Libersan, Mattieu"]
[Black "Groleau, Gilles"]
[Result "1/2-1/2"]
[WhiteElo "1828"]
[BlackElo "1951"]
[PlyCount "104"]
[GameId "2160767910549103"]
[EventDate "2008.01.15"]
[EventType "team-swiss"]
[EventRounds "7"]
[EventCountry "CAN"]
[SourceTitle "EXT 2011"]
[Source "ChessBase"]
[SourceDate "2011.11.26"]
[SourceVersion "1"]
[SourceVersionDate "2011.11.26"]
[SourceQuality "1"]

1. e4 c5 2. Nf3 e6 3. d4 cxd4 4. Nxd4 Nf6 5. Nc3 d6 6. Bc4 Be7 7. O-O O-O 8. Qf3 Nc6 9. Nxc6 bxc6 10. Qg3 Qc7 11. Bh6 Ne8 12. Rad1 Kh8 13. Bg5 f6 14. Be3 d5 15. Bb3 Qxg3 16. hxg3 Ba6 17. Rfe1 Bb4 18. a3 Bxc3 19. bxc3 Nc7 20. Bc5 Rfe8 21. a4 Kg8 22. Bd6 Rac8 23. Bxc7 Rxc7 24. exd5 cxd5 25. Bxd5 Kf7 26. Bb3 Bc4 27. Re3 e5 28. Red3 Ree7 29. f3 Kg6 30. Re3 Rc5 31. Rd6 Rec7 32. Bxc4 Rxc4 33. Ra6 R4c6 34. Ra5 h5 35. Kf2 Rxc3 36. Rxc3 Rxc3 37. Rxa7 Rxc2+ 38. Kf1 Ra2 39. a5 f5 40. a6 f4 41. gxf4 exf4 42. Ra8 Kh7 43. a7 g5 44. Ke1 Kg7 45. Kd1 g4 46. fxg4 hxg4 47. Ke1 g3 48. Kf1 Ra3 49. Ke2 Re3+ 50. Kd2 Ra3 51. Ke2 Re3+ 52. Kd2 Ra3 1/2-1/2

[Event "Monarque noir-Tch"]
[Site "Gatineau CAN"]
[Date "2008.02.26"]
[Round "7"]
[White "MacIsaac, Alexandre"]
[Black "Maisonneuve, Paul"]
[Result "0-1"]
[WhiteElo "1323"]
[BlackElo "1395"]
[PlyCount "106"]
[GameId "2160767910549104"]
[EventDate "2008.01.15"]
[EventType "team-swiss"]
[EventRounds "7"]
[EventCountry "CAN"]
[SourceTitle "EXT 2011"]
[Source "ChessBase"]
[SourceDate "2011.11.26"]
[SourceVersion "1"]
[SourceVersionDate "2011.11.26"]
[SourceQuality "1"]

1. e4 d6 2. d4 Nf6 3. Nd2 g6 4. Ngf3 Bg7 5. Be2 O-O 6. O-O Nbd7 7. c3 c5 8. dxc5 Nxc5 9. Qc2 b6 10. Rd1 Qc7 11. b4 Ncd7 12. Bb2 Bb7 13. Bd3 Ng4 14. h3 Nge5 15. c4 Rac8 16. Rac1 Nxd3 17. Bxg7 Nxc1 18. Bxf8 Ne2+ 19. Kf1 Nxf8 20. Kxe2 Ba6 21. Rc1 Ne6 22. Kf1 b5 23. a4 bxc4 24. b5 c3 25. Nb1 Bb7 26. Nxc3 Qc4+ 27. Qe2 Qxe2+ 28. Nxe2 Rxc1+ 29. Nxc1 Bxe4 30. Ke2 Nc5 31. a5 Na4 32. Ke3 Bf5 33. Na2 Bd7 34. Nd4 Kf8 35. Nb4 Nc3 36. b6 axb6 37. axb6 Bc8 38. Ndc6 Na4 39. Nd5 e6 40. Na7 Bb7 41. Nf6 Nxb6 42. Nxh7+ Kg7 43. Ng5 Bxg2 44. Nb5 Nc4+ 45. Kd4 d5 46. Nc7 Kf6 47. h4 Nd6 48. Ke3 Nf5+ 49. Kf4 Nxh4 50. Ne8+ Ke7 51. Nd6 Kxd6 52. Nxf7+ Ke7 53. Ne5 Be4 0-1

[Event "Monarque noir-Tch"]
[Site "Gatineau CAN"]
[Date "2008.02.26"]
[Round "7"]
[White "Menard, Marc"]
[Black "Scantland, Patrick"]
[Result "1-0"]
[WhiteElo "1597"]
[BlackElo "1709"]
[PlyCount "59"]
[GameId "2160767910549105"]
[EventDate "2008.01.15"]
[EventType "team-swiss"]
[EventRounds "7"]
[EventCountry "CAN"]
[SourceTitle "EXT 2011"]
[Source "ChessBase"]
[SourceDate "2011.11.26"]
[SourceVersion "1"]
[SourceVersionDate "2011.11.26"]
[SourceQuality "1"]

1. e4 c5 2. Nf3 d6 3. d4 cxd4 4. Nxd4 Nf6 5. Nc3 a6 6. Be2 e5 7. Nf5 Bxf5 8. exf5 d5 9. f3 Bb4 10. O-O Bxc3 11. bxc3 Qc8 12. Rb1 O-O 13. g4 b5 14. g5 Qc5+ 15. Kh1 Ne8 16. Qe1 Nd6 17. f6 g6 18. Bd3 Nd7 19. Qh4 e4 20. fxe4 dxe4 21. Qh6 Ne8 22. Bxe4 Qc4 23. Bg2 Rd8 24. Rb4 Qxc3 25. Rh4 Ndxf6 26. gxf6 Nxf6 27. Rxf6 Rd1+ 28. Bf1 Rxf1+ 29. Rxf1 Qc6+ 30. Kg1 1-0

[Event "Monarque noir-Tch"]
[Site "Gatineau CAN"]
[Date "2008.02.26"]
[Round "7"]
[White "Reitano, Michael"]
[Black "Berthiaume, Serge"]
[Result "0-1"]
[WhiteElo "967"]
[BlackElo "1290"]
[PlyCount "56"]
[GameId "2160767910549106"]
[EventDate "2008.01.15"]
[EventType "team-swiss"]
[EventRounds "7"]
[EventCountry "CAN"]
[SourceTitle "EXT 2011"]
[Source "ChessBase"]
[SourceDate "2011.11.26"]
[SourceVersion "1"]
[SourceVersionDate "2011.11.26"]
[SourceQuality "1"]

1. e4 e5 2. Nc3 Nf6 3. Bb5 c6 4. Bc4 Bb4 5. f3 O-O 6. Nge2 d5 7. Bb3 Be6 8. d3 d4 9. Bd2 dxc3 10. bxc3 Ba5 11. Qc1 Bb6 12. Rf1 Nbd7 13. Ba4 Nc5 14. Qa3 Nxa4 15. Qxa4 Nd7 16. d4 exd4 17. cxd4 Nf6 18. c3 Bd7 19. e5 Ne8 20. f4 Qh4+ 21. g3 Qxh2 22. Qc4 Be6 23. Qd3 Bg4 24. Ng1 f6 25. a4 Rd8 26. Be3 Qxg3+ 27. Bf2 Qxd3 28. a5 Qxc3# 0-1

[Event "Monarque noir-Tch"]
[Site "Gatineau CAN"]
[Date "2008.02.26"]
[Round "7"]
[White "Sunatori, Evelyne"]
[Black "Jani, Louis"]
[Result "0-1"]
[WhiteElo "1151"]
[BlackElo "1460"]
[PlyCount "102"]
[GameId "2160767910549107"]
[EventDate "2008.01.15"]
[EventType "team-swiss"]
[EventRounds "7"]
[EventCountry "CAN"]
[SourceTitle "EXT 2011"]
[Source "ChessBase"]
[SourceDate "2011.11.26"]
[SourceVersion "1"]
[SourceVersionDate "2011.11.26"]
[SourceQuality "1"]

1. e4 c5 2. Nc3 d6 3. Nf3 a6 4. Bc4 Nc6 5. d4 cxd4 6. Nxd4 Nf6 7. Bb3 e6 8. Nxc6 bxc6 9. Bg5 Be7 10. Bxf6 Bxf6 11. Ba4 Qb6 12. Rb1 O-O 13. Qxd6 Bxc3+ 14. Ke2 Bb4 15. Qxc6 Qxc6 16. Bxc6 Rb8 17. Rhd1 a5 18. Kf3 Ba6 19. c3 Be7 20. a3 Rfd8 21. Rd7 Rxd7 22. Bxd7 Rd8 23. Rd1 Bb5 24. b4 Rxd7 25. Rxd7 Bxd7 26. Ke2 Bb5+ 27. Kd2 Bg5+ 28. Kc2 Ba4+ 29. Kd3 axb4 30. axb4 Bc6 31. f3 f5 32. g3 Kf8 33. Kd4 fxe4 34. fxe4 Bf6+ 35. e5 Bg5 36. c4 Bc1 37. Kc5 Ba8 38. b5 Ke7 39. b6 Kd7 40. h4 Bb2 41. Kb5 Bxe5 42. c5 Bb7 43. g4 Bg3 44. h5 e5 45. Kc4 Bf2 46. g5 e4 47. h6 g6 48. Kc3 Be3 49. Kc2 Bxg5 50. Kd1 Bxh6 51. Ke2 Bg7 0-1

[Event "Montcalm I 2008-09"]
[Site "Quebec CAN"]
[Date "2008.09.04"]
[Round "1"]
[White "Bourassa, Andre"]
[Black "Drolet, Stephane"]
[Result "0-1"]
[WhiteElo "1701"]
[BlackElo "2144"]
[PlyCount "44"]
[GameId "2160767910328163"]
[EventDate "2008.09.04"]
[EventType "swiss"]
[EventRounds "5"]
[EventCountry "CAN"]
[SourceTitle "EXT 2011"]
[Source "ChessBase"]
[SourceDate "2011.11.26"]
[SourceVersion "1"]
[SourceVersionDate "2011.11.26"]
[SourceQuality "1"]

1. d4 Nf6 2. c4 c6 3. f4 d5 4. e3 g6 5. Nc3 Bg7 6. Qb3 O-O 7. Nf3 e6 8. Be2 b6 9. O-O Bb7 10. c5 Qc7 11. cxb6 axb6 12. Na4 Nbd7 13. Ne5 c5 14. Bb5 c4 15. Qb4 Nxe5 16. fxe5 Ne4 17. Nc3 Nxc3 18. bxc3 Ra5 19. a4 Rfa8 20. Qd6 Qxd6 21. exd6 Rxb5 22. d7 Rba5 0-1

[Event "Montcalm I 2008-09"]
[Site "Quebec CAN"]
[Date "2008.09.04"]
[Round "1"]
[White "Lessard, Claude"]
[Black "Dumont, Eric"]
[Result "1-0"]
[WhiteElo "2119"]
[BlackElo "1629"]
[PlyCount "67"]
[GameId "2160767910328164"]
[EventDate "2008.09.04"]
[EventType "swiss"]
[EventRounds "5"]
[EventCountry "CAN"]
[SourceTitle "EXT 2011"]
[Source "ChessBase"]
[SourceDate "2011.11.26"]
[SourceVersion "1"]
[SourceVersionDate "2011.11.26"]
[SourceQuality "1"]

1. d4 Nf6 2. c4 g6 3. Nc3 Bg7 4. e4 d6 5. Nf3 Nc6 6. d5 Nb8 7. Bf4 O-O 8. Qd2 Nbd7 9. Bd3 c6 10. Bh6 Qb6 11. Bxg7 Kxg7 12. h3 Nc5 13. b3 Qa5 14. O-O Nxd3 15. Qxd3 Bd7 16. Rfe1 e5 17. dxe6 Bxe6 18. e5 dxe5 19. Rxe5 Qc7 20. Rae1 Rad8 21. Qe3 Rfe8 22. Qxa7 Rd3 23. R5e3 Red8 24. Nd5 R3xd5 25. cxd5 Rxd5 26. Qa3 c5 27. Qb2 Qd8 28. Qc3 b6 29. Ne5 Rd2 30. Rf3 Bf5 31. Ng4 Rd5 32. Nxf6 Qxf6 33. Qxf6+ Kxf6 34. g4 1-0

[Event "Montcalm I 2008-09"]
[Site "Quebec CAN"]
[Date "2008.09.04"]
[Round "1"]
[White "Rainfray, Arnaud"]
[Black "Dube, Daniel"]
[Result "1-0"]
[WhiteElo "2388"]
[BlackElo "1735"]
[PlyCount "66"]
[GameId "2160767910328165"]
[EventDate "2008.09.04"]
[EventType "swiss"]
[EventRounds "5"]
[EventCountry "CAN"]
[SourceTitle "EXT 2011"]
[Source "ChessBase"]
[SourceDate "2011.11.26"]
[SourceVersion "1"]
[SourceVersionDate "2011.11.26"]
[SourceQuality "1"]

1. e4 c5 2. Nf3 d6 3. d4 cxd4 4. Nxd4 Nf6 5. Nc3 a6 6. g3 e5 7. Nde2 Be6 8. Bg2 Be7 9. O-O O-O 10. h3 Qb6 11. g4 Nfd7 12. Ng3 Nc6 13. Nf5 Bxf5 14. exf5 Qd8 15. Be3 Re8 16. Qd2 Nb6 17. b3 Nd4 18. Nd5 Nxd5 19. Bxd5 Qc7 20. Rac1 Qc3 21. Bxb7 Qxd2 22. Bxd2 Ne2+ 23. Kg2 Ra7 24. Rce1 Nd4 25. Be4 Rc7 26. c3 Nb5 27. c4 Nd4 28. Ba5 Rcc8 29. Bc3 Nc6 30. Bd5 Bg5 31. f4 Bxf4 32. Bxc6 Rxc6 33. Rxf4 d5 1-0